000
00397nam a2200133Ia 4500
008
100328s9999 xx 000 0 und d
082
_b
66478
100
_a
महाजन भास्कर.
245
_a
महारथी कर्ण.
260
_b
प्राजक्ता.
630
_a
महारथी कर्ण.
730
_a
महारथी कर्ण.
942
_c
BOOK
999
_c
552217
_d
552214